000 00812nam a2200217 a 4500
003 0
005 20250320142855.0
008 060802s19uu xx 00 eng d
050 _aPGS LB 1060.E27
_b.Oe28 2006
100 _aOentoro, Joshua.
245 _aThe effects of eating habits on the academic performance of grade 6 students /
_cJoshua Oentoro.
260 _aLas PiƱas City, Philippines :
_bSouthville International School and Colleges,
_c2006.
300 _a29 pages :
_billustrations ;
_c28 cm.
504 _aIncludes bibliographical references.
650 _aNutrition and academic achievement.
650 _aEating habits
_vChildren.
650 _aFood habits
_vEffect on learning.
650 _aSchool children
_vNutrition.
650 _aCognition
_vNutritional aspects.
942 _2lcc
_cPASS
999 _c97527
_d97527